000 01501cam a2200217 4500
001 ##L133002
008 060403n2006 000 0 eng u
020 _a0110912616
035 _a(Sirsi) u133002
041 0 _aeng
245 0 4 _aThe Approval of Codes of Management Practice (Residential Property) (Wales) Order 2006
260 _aLondon
_bTSO
_c2006
490 0 _aWelsh Statutory Instrument
_vSI 2006: 178 (W.29)
520 _aApproves a code of practice relating to the management of residential property by landlords and others who discharge the management function. The approved code is the "Rent only residential management code" (ISBN 1842190709) published by the Royal Institution of Chartered Surveyors. Withdraws the approval given in the Approval of Codes of Management Practice (Residential Property) Order 1996 (SI 1996: 2839) for a code called the "Rent only residential management code (ISBN 085406642X). The approval and withdrawal provided for in this Order apply to the management of residential properties in Wales.
650 2 4 _aRICS RENT ONLY RESIDENTIAL MANAGEMENT CODE
650 2 4 _aLEASEHOLD REFORM, HOUSING AND URBAN DEVELOPMENT ACT 1993 S87(7)
650 2 4 _aAPPROVAL OF CODES OF MANAGEMENT PRACTICE (RESIDENTIAL PROPERTY) (WALES) ORDER 2006
690 _aPROPERTY-RESIDENTIAL PROPERTY-RESIDENTIAL PROPERTY MANAGEMENT
856 4 0 _uhttps://www.opsi.gov.uk/legislation/wales/wsi2006/20060178e.htm
_zView the Order free of charge at www.opsi.gov.uk...
942 _n0
999 _c105305
_d105305